000 00391 a2200169 4500
001 190473
020 _a978-85-7683-276-8
040 _cMagnum
100 _aKinney, Jeff
240 1 0 _aDiário de um banana 4
_lpor
245 1 0 _aDiário de um banana 4
300 _a214
362 0 _a2011
440 1 _aVergara & Riba
697 _aLITERATURA INFANTO-JUVENIL ESTRANGEIRA
942 _cBK
999 _c190473
_d190473